000 00476 a2200169 4500
020 _a069715033X
020 _a069715033X
090 _c3166
_d3166
100 1 0 _aSantrock, John W.,
245 1 0 _aAdolescence
_b: an introduction
_c/ John W. Santrock.
250 _a6th ed.
260 0 _aMadison
_b: Brown & Benchmark
_c, c1996.
300 _axxvii, 628 p.
_b: ill. (some col.)
_c; 29 cm.
650 0 _aAdolescence.
650 0 _aAdolescent psychology.
942 _cBK
_k305.235 SAN
999 _c7081
_d7081